|
|
|
|
| LEADER |
00814cam a2200229 7i4500 |
| 001 |
0000096926 |
| 005 |
20120227090000.0 |
| 008 |
120227s2011 nyu eng |
| 020 |
# |
0 |
|a 9781451648539
|
| 020 |
# |
0 |
|a 9781451648553 (ebook)
|
| 090 |
0 |
0 |
|a QA 76.2 .J63
|b I8 2011
|
| 100 |
1 |
# |
|a Isaacson, Walter
|
| 245 |
1 |
0 |
|a Steve Jobs
|c Walter Isaacson.
|
| 260 |
# |
# |
|a New York:
|b Simon & Schuster,
|c 2011.
|
| 300 |
# |
# |
|a xxi, 630 p.:
|b ill.;
|c 24 cm..
|
| 504 |
0 |
0 |
|a Includes bibliographical references and index
|
| 590 |
# |
# |
|a Seksyen Perolehan PSNZ
|
| 600 |
2 |
0 |
|a Jobs, Steve,
|d 1955-2011
|
| 610 |
2 |
0 |
|a Apple Computer, Inc. --
|x History
|
| 650 |
0 |
0 |
|a Computer engineers --
|x Biography --
|z United States
|
| 650 |
0 |
0 |
|a Businesspeople --
|x Biography --
|z United States
|
| 999 |
|
|
|a 1100083850
|b Book
|c Open Shelf
|e KOLEKSI TERBUKA
|